Comparative political thought : (Record no. 22076)
[ view plain ]
| 000 -LEADER | |
|---|---|
| fixed length control field | 02240cam a22003015a 4500 |
| 001 - CONTROL NUMBER | |
| control field | 016122117 |
| 005 - DATE AND TIME OF LATEST TRANSACTION | |
| control field | 20201128023759.0 |
| 008 - FIXED-LENGTH DATA ELEMENTS--GENERAL INFORMATION | |
| fixed length control field | 120411s2013 enk frb 001 0 eng d |
| 020 ## - INTERNATIONAL STANDARD BOOK NUMBER | |
| International Standard Book Number | 0415632064 |
| 020 ## - INTERNATIONAL STANDARD BOOK NUMBER | |
| International Standard Book Number | 9780415632065 |
| 040 ## - CATALOGING SOURCE | |
| Original cataloging agency | StDuBDS |
| Language of cataloging | eng |
| Transcribing agency | StDuBDS |
| Modifying agency | EG-ScBUE |
| 082 04 - DEWEY DECIMAL CLASSIFICATION NUMBER | |
| Edition number | 22 |
| Classification number | 320.01 |
| Item number | COM |
| 245 00 - TITLE STATEMENT | |
| Title | Comparative political thought : |
| Remainder of title | theorizing practices / |
| Statement of responsibility, etc | edited by Michael Freeden and Andrew Vincent. |
| 260 ## - PUBLICATION, DISTRIBUTION, ETC. (IMPRINT) | |
| Place of publication, distribution, etc | Oxford ; |
| -- | New York : |
| Name of publisher, distributor, etc | Routledge / Taylor & Francis Group, |
| Date of publication, distribution, etc | 2013. |
| 300 ## - PHYSICAL DESCRIPTION | |
| Extent | ix, 196 p. ; |
| Dimensions | 24 cm. |
| 490 0# - Series Statement | |
| Series statement | Routledge studies in comparative political thought |
| 500 ## - GENERAL NOTE | |
| General note | Index : p.195-196. |
| 504 ## - BIBLIOGRAPHY, ETC. NOTE | |
| Bibliography, etc | Bibliography : p. 181-194. |
| 505 0# - FORMATTED CONTENTS NOTE | |
| Formatted contents note | Introduction -- The study of comparative political thought -- On the historicity of "the political": Rajaniti and politics in modern Indian thought / Sudipta Kaviraj -- Latin American approaches to "the political" / Laurence Whitehead -- Communism, Confucianism, and charisma: the political in modern China / Rana Mitter -- Lineages of political society / Partha Chatterjee -- Acting and acting out: conceptions of political participation in the Middle East / Charles Tripp -- Citizenship after Orientalism / Engin F. Isin -- Forms of participation in Muslim political heritage / Abdulaziz Sachedina -- On vernacular cosmopolitanisms, multiple modernities and the task of comparative political thought / Olivier Remaud -- When is comparative political thought (not) comparative? dialogues, (dis)continuities, creativity, and radical difference in Heidegger and Nishida / Chris Goto-Jones. |
| 520 ## - SUMMARY, ETC. | |
| Summary, etc | This edited book introduces students and scholars to comparative political thought. Featuring contributions from an international line-up of scholars, it examines what can we learn from non-Western traditions of political thought, how we compare different strands of national and regional political thought, and much more. |
| 650 #7 - SUBJECT ADDED ENTRY--TOPICAL TERM | |
| Topical term or geographic name as entry element | Political Science |
| General subdivision | Philosophy. |
| Source of heading or term | BUEsh |
| 9 (RLIN) | 684 |
| 650 #7 - SUBJECT ADDED ENTRY--TOPICAL TERM | |
| Topical term or geographic name as entry element | Philosophy, Comparative. |
| Source of heading or term | BUEsh |
| 9 (RLIN) | 40551 |
| 651 ## - SUBJECT ADDED ENTRY--GEOGRAPHIC NAME | |
| Source of heading or term | BUEsh |
| 653 ## - INDEX TERM--UNCONTROLLED | |
| Resource For college | Law |
| Arrived date list | July2016 |
| -- | November2016 |
| 700 1# - ADDED ENTRY--PERSONAL NAME | |
| Personal name | Freeden, Michael |
| 9 (RLIN) | 39754 |
| Relator term | editor. |
| 700 #1 - ADDED ENTRY--PERSONAL NAME | |
| Personal name | Vincent, Andrew. |
| 9 (RLIN) | 34328 |
| Relator term | editor. |
| 942 ## - ADDED ENTRY ELEMENTS (KOHA) | |
| Source of classification or shelving scheme | Dewey Decimal Classification |
| Edition | 22 |
| Call number prefix | 320.01 COM |
| Withdrawn status | Item status | Source of classification or shelving scheme | Damaged status | Not for loan | Vendor | Home library | Current library | Shelving location | Date acquired | Source of acquisition | Cost, normal purchase price | Serial Enumeration / chronology | Total Checkouts | Full call number | Barcode | Date last seen | Cost, replacement price | Koha item type | Total Renewals | Date last borrowed |
|---|---|---|---|---|---|---|---|---|---|---|---|---|---|---|---|---|---|---|---|---|
| Dewey Decimal Classification | Baccah | Central Library | Central Library | First floor | 31/07/2016 | Purchase | 350.00 | 26080 | 320.01 COM | 000032955 | 15/07/2025 | 437.50 | Book - Borrowing | |||||||
| Dewey Decimal Classification | Baccah | Central Library | Central Library | First floor | 28/11/2016 | Purchase | 540.00 | 320.01 COM | 000040114 | 15/07/2025 | Book - Borrowing | |||||||||
| Dewey Decimal Classification | Baccah | Central Library | Central Library | First floor | 28/11/2016 | Purchase | 540.00 | 1 | 320.01 COM | 000040115 | 15/07/2025 | Book - Borrowing | 2 | 28/09/2021 |